000 00640nam a2200193 ar4500
001 1088
005 20221127090133.0
008 081222s xxua 00110|eng d
020 _a0073105813 :
_cSR328.00
082 0 0 _a658.4038
_bH111 2006
100 1 _aHaag, Stephen.
245 1 0 _aInformation systems essentials /
_cStephen Haag, Maeve Cummings.
260 _aBoston, Mass. :
_bMcGraw-Hill/Irwin,
_c2006.
300 _axxx, 463 p. :
_bill. ;
_c28 cm.
504 _aIncludes bibl. references and index.
650 4 _aManagement information systems.
650 4 _aInformation technology
_xManagement.
700 0 _aCummings, Maeve,
_ejt. auth.
999 _c1087
_d1087